Personnalités nées en Afrique - Mort Subite - Statistiques

Statistiques générales
  • Ce quiz a été pris 26 fois
  • Le résultat moyen est 5 sur 30
Answers on the Grid
Answers color-coded by a green-red scale on the quiz's grid according to % correct below.
Freddie Mercury
Eduardo Camavinga
Mohamed Salah
Brad Binder
Kaaris
Vanessa Mdee
Christopher Froome
Samuel Eto'o
Ayomide Amusan
Mo Farah
Charlize Theron
Liya Kebedé
Kandyse McClure
Nelson Mandela
Jody Scheckter
Alain Ferry
Guy Forget
Richard Virenque
Abdallah Sadouk
Jacques Essebag
Aya Nakamura
Alpha Blondy
Steven Odendaal
Brice Samba
Patrice Évra
James Barnor
Salomón Obama
Jean-Yves Souyave
Benjamin Lo-Pinto
Brenda Phillips
Elicura Chihuailaf
Abudushalamu Abudurexiti
Mahatma Gandhi
Saddam Hussein
Diégo Maradona
Daniela Krukower
Pierre-Emerick Aubameyang
Lewis Hamilton
Kenza Lacheb
Ibrahima Konaté
Isack Hadjar
Mariah Carey
Abdel-Kader Salifou
Leonard Saddam Manzambi
Megalyn Echikunwoke
Mohamed Ali
Kaylia Nemour
Xherdan Shaqiri
 
Statistiques - réponses
Réponse % Correct
Nelson Mandela
60%
Samuel Eto'o
55%
Mohamed Salah
45%
Charlize Theron
40%
Freddie Mercury
35%
Alpha Blondy
30%
Jacques Essebag
30%
Eduardo Camavinga
25%
Aya Nakamura
20%
Christopher Froome
20%
Kaaris
20%
Mo Farah
20%
Brice Samba
15%
Benjamin Lo-Pinto
10%
Patrice Évra
10%
Abdallah Sadouk
5%
Ayomide Amusan
5%
Guy Forget
5%
James Barnor
5%
Jody Scheckter
5%
Liya Kebedé
5%
Salomón Obama
5%
Alain Ferry
0%
Brad Binder
0%
Brenda Phillips
0%
Jean-Yves Souyave
0%
Kandyse McClure
0%
Richard Virenque
0%
Steven Odendaal
0%
Vanessa Mdee
0%
Aucun quiz correspondant
Distribution des résultats
% des personnes avec chaque résultat
Percentile par nombre de réponses
Votre historique - résultats
Vous n’avez pas pris ce quiz